000 00317nam a2200121Ia 4500
008 190216s9999||||xx |||||||||||||| ||und||
100 _aWilliam Archibald Dunning
245 0 _aRashtriya Sidhandha Charithram
260 _bKerala Bhasha Institute
_c1974
300 _a340p
650 _aPolitical Science
942 _cBK
999 _c37822
_d37822